Compendio de historia de España / (Record no. 107786)

MARC details
000 -LEADER
campo de control de longitud fija 00475nam a2200157 4500
001 - NÚMERO DE CONTROL
campo de control 107786
003 - IDENTIFICADOR DE NÚMERO DE CONTROL
campo de control ES-MaACL
007 - CAMPO FIJO DE DESCRIPCIÓN FÍSICA--INFORMACIÓN GENERAL
campo de control de longitud fija t|
008 - DATOS DE LONGITUD FIJA--INFORMACIÓN GENERAL
campo de control de longitud fija 061121s1909 sp r ||||1| spa d
100 1# - ENTRADA PRINCIPAL--NOMBRE DE PERSONA
Nombre de persona Moreno Espinosa, Alfonso.
9 (RLIN) 83369
245 10 - MENCIÓN DEL TÍTULO
Título Compendio de historia de España /
Mención de responsabilidad, etc. Alfonso Moreno Espinosa.
260 ## - PUBLICACIÓN, DISTRIBUCIÓN, ETC.
Lugar de publicación, distribución, etc. [Barcelona :
Nombre del editor, distribuidor, etc. s.n.,
Fecha de publicación, distribución, etc. 1909]
300 ## - DESCRIPCIÓN FÍSICA
Extensión 576 p. ;
Dimensiones 23.
500 ## - NOTA GENERAL
Nota general Ejemplar falto de portada y de algunas páginas al final.
852 ## - LOCALIZACIÓN
Ubicación ES-MaACL
Número de control de estantería B-3052
Holdings
Estatus retirado Estado de pérdida Estado de daño No para préstamo Biblioteca de origen Biblioteca actual Ubicación en estantería Fecha de adquisición Fuente de adquisición Total de préstamos Signatura topográfica completa Código de barras Visto por última vez Precio de reemplazo Tipo de ítem Koha
        Biblioteca del Ateneo de Madrid Biblioteca del Ateneo de Madrid Sala Pardo Bazán 17/01/2008     B-3052 1112489 23/02/2023 23/02/2023 Libro impreso